Virtuálna realita v cestovnom ruchu bakalárska práca

Salvato in:
Dettagli Bibliografici
Autore principale: Mitz, Ján
Ente Autore: Obchodná fakulta EU. Katedra informatiky obchodných firiem
Altri autori: Poláček, Marian
Natura: Libro
Lingua:slovacco
Pubblicazione: Bratislava 2019
Tags: Aggiungi Tag
Nessun Tag, puoi essere il primo ad aggiungerne!!

MARC

LEADER 00000nbm a2200000 4500
001 0257862
005 20191025135735.2
041 0 |a slo 
044 |a SK 
245 1 0 |a Virtuálna realita v cestovnom ruchu  |b bakalárska práca  |c Ján Mitz ; školiteľ: Marian Poláček 
264 1 |a Bratislava  |c 2019 
300 |a 55 s. 
100 1 |a Mitz, Ján 
700 1 |a Poláček, Marian 
710 2 |a Obchodná fakulta EU. Katedra informatiky obchodných firiem